Desigualdad racial en Brasil: la realidad desmiente el mito /
En este artículo se analiza el eje étnico de las desigualdades sociales en Brasil. Se revisa el tratamiento del tema de las relaciones étnico - raciales por parte de las ciencias sociales brasileñas, y se presentan algunos indicadores de las distribuciones asimétricas de los recursos económicos y ed...
Đã lưu trong:
| Tác giả chính: | |
|---|---|
| Tác giả khác: | |
| Định dạng: | Texto |
| Những chủ đề: | |
| Các nhãn: |
Thêm thẻ
Không có thẻ, Là người đầu tiên thẻ bản ghi này!
|
MARC
| LEADER | 00000 a a2200000 04500 | ||
|---|---|---|---|
| 001 | 16568 | ||
| 003 | |||
| 040 | |||
| 100 | |a Saldaña Pereira, Rosãngela | ||
| 245 | |a Desigualdad racial en Brasil: |b la realidad desmiente el mito / |c Rosãngela Saldaña Pereira ; Xavier Rambla | ||
| 520 | |a En este artículo se analiza el eje étnico de las desigualdades sociales en Brasil. Se revisa el tratamiento del tema de las relaciones étnico - raciales por parte de las ciencias sociales brasileñas, y se presentan algunos indicadores de las distribuciones asimétricas de los recursos económicos y educativos entre las principales categorías étnicas del país. La conclusión señala las razones para observar un conflicto étnico latente en la sociedad brasileña | ||
| 650 | |a DISCRIMINACION RACIAL | ||
| 650 | |a DESIGUALDAD SOCIAL | ||
| 650 | |a NEGROS | ||
| 650 | |a POBREZA | ||
| 650 | |a EDUCACION | ||
| 650 | |a BRASIL | ||
| 700 | |a Rambla, Xavier | ||
| 773 | |g volumen 69, número 3; páginas 401-426 | ||
| 999 | |c 32042 |d 32042 | ||
